Statistics for General Knowledge Quiz #221

Click here to take the quiz!

General Stats

  • This quiz has been taken 29,463 times
  • The average score is 13 of 20

Answer Stats

QuestionAnswer% Correct
What does sayonara mean?Goodbye
93%
What word comes before "I did it again" in the Britney Spears song?Oops
89%
Which Greek letter looks like this Ω?Omega
87%
What prehensile body part does a monkey have which a human does not?Tail
85%
What four-letter prefix can come before bishop, duke, and nemesis?Arch
84%
What type of snake has a name that begins and ends in the letter A?Anaconda
83%
What 2013 movie featured the song "Do You Want to Build a Snowman"?Frozen
82%
Which periodic table element is found in all organic compounds?Carbon
79%
With what country did Germany sign the "Pact of Steel" in 1939?Italy
72%
What disease did nearly 100% of people contract during childhood before the
introduction of a vaccine in 1995?
Chicken Pox
64%
What is the Cheshire Cat doing?Grinning
58%
What is the name for the period of time of about four weeks leading up to Christmas?Advent
56%
In what country would you find the province of Zeeland, from which
New Zealand gets its name?
Netherlands
56%
Who starred as the taxi driver in the movie "Taxi Driver"?Robert De Niro
56%
What luxury automaker's "Phantom" model starts at around $460,000?Rolls Royce
56%
In what game do you have to pay to see the "flop" and sometimes pay even more
to see the "turn" and the "river"?
Texas Hold'em
54%
What Southern American capital city has a name which means "The Peace"?La Paz
53%
What Kpop girl group's name consists of two colors?Blackpink
52%
Your maximum should be about 220 minus your age. What is it?Heart rate
46%
Who owns the Great Star of Africa, the world's largest colorless cut diamond?King Charles III
26%

Score Distribution

Percentile by Number Answered

Percent of People with Each Score

Your Score History

You have not taken this quiz